Vasyl' Markus' - istoryk ukrajins'koji diaspory rozmova z odnodumcjamy

Bibliographic Details
Main Authors: Mušinka, Mikuláš, 1936-2024 (ain), Markus', Vasyl' 1922- (Author, uin)
Format: Article
Language:Ukrainian
PhysicalDescription:Fotogr.
Subjects:

MARC

LEADER 00000nab a2200000 a 4500
001 vtls000854204
003 SK-MaSNL
005 20260318124759.0
008 160321c2003 xo 0c ukr
015 |a SNBRB2003/11-33813 
035 |a CLN000205859 
040 |a SNKBUCL  |b slo  |c SNKBUCL  |e AACR2 
041 0 |a ukr 
044 |a xo  |c SK 
080 |a 341-051  |2 UDC-MRF-SK2 
080 |a 811.16-051  |2 UDC-MRF-SK2 
080 |a 929 Markus', Vasyl'  |2 UDC-MRF-SK2 
100 1 |a Mušinka, Mikuláš,  |d 1936-2024  |4 ain  |9 99915 
245 1 0 |a Vasyl' Markus' - istoryk ukrajins'koji diaspory  |b rozmova z odnodumcjamy  |c [rozmovu viv] Mykola Mušynka 
300 |b Fotogr. 
600 1 7 |a Markus', Vasyl',  |d 1922-2012  |2 snkbucl  |9 863754 
655 7 |a články z novín a časopisov  |2 snkbucl  |9 267496 
700 1 |a Markus', Vasyl'  |d 1922-  |4 aut  |4 uin  |9 582149 
773 0 |t Nove žyttja  |g Roč. 53, č. 19-20 (2003), s. 5 
850 |a Slovenská národná knižnica v Martine 
852 |a SNK  |b KIS3GCP 
958 |a UK 
958 |a SK 
958 |a UA 
958 |a BC 
999 |c 2573213  |d 2575143